000 00248nam a22001097a 4500
008 131217t xxu||||| |||| 00| 0 eng d
020 _a0-00-616803-5
100 _aAgatha Christie
_9426
245 _aDead Man's Folly
300 _a340
942 _2ddc
_cBK
999 _c16698
_d16698